Environments and livelihoods: (Record no. 8897)

MARC details
000 -LEADER
fixed length control field 00591nam a22002057a 4500
003 - CONTROL NUMBER IDENTIFIER
control field OSt
005 - DATE AND TIME OF LATEST TRANSACTION
control field 20240626111339.0
008 - FIXED-LENGTH DATA ELEMENTS--GENERAL INFORMATION
fixed length control field 240626b |||||||| |||| 00| 0 eng d
020 ## - INTERNATIONAL STANDARD BOOK NUMBER
International Standard Book Number 0855984406
040 ## - CATALOGING SOURCE
Transcribing agency MUST
082 ## - DEWEY DECIMAL CLASSIFICATION NUMBER
Classification number 338.927 NEE 2000
100 ## - MAIN ENTRY--PERSONAL NAME
Personal name Neefjes ,Koos
9 (RLIN) 17993
245 ## - TITLE STATEMENT
Title Environments and livelihoods:
Remainder of title strategies for sustainability /
Statement of responsibility, etc. Koos Neefjes
260 ## - PUBLICATION, DISTRIBUTION, ETC. (IMPRINT)
Place of publication, distribution, etc. Oxford
Name of publisher, distributor, etc. Oxfam
Date of publication, distribution, etc. 2000
300 ## - PHYSICAL DESCRIPTION
Extent x, 277p.;
Dimensions 20 cm.
504 ## - BIBLIOGRAPHY, ETC. NOTE
Bibliography, etc Includes bibliographical references and index
650 ## - SUBJECT ADDED ENTRY--TOPICAL TERM
Topical term or geographic name as entry element Agriculture
9 (RLIN) 4591
650 ## - SUBJECT ADDED ENTRY--TOPICAL TERM
Topical term or geographic name as entry element Environment
9 (RLIN) 1074
942 ## - ADDED ENTRY ELEMENTS (KOHA)
Source of classification or shelving scheme Dewey Decimal Classification
Koha item type Open Shelf
Holdings
Withdrawn status Lost status Source of classification or shelving scheme Damaged status Not for loan Home library Current library Date acquired Source of acquisition Inventory number Total Checkouts Full call number Barcode Date last seen Price effective from Koha item type
    Dewey Decimal Classification     MUST Main Library MUST Main Library 26/06/2024 Donation 2006/26375   338.927 NEE 2000 2024-21391 26/06/2024 26/06/2024 Open Shelf
    Dewey Decimal Classification     MUST Main Library MUST Main Library 26/06/2024 Donation 06/ 26073   338.927 NEE 2000 2024-21423 26/06/2024 26/06/2024 Open Shelf
    Dewey Decimal Classification     MUST Main Library MUST Main Library 08/07/2024 Donation 05/23225   338.927 NEE 2000 2024-21816 08/07/2024 08/07/2024 Open Shelf
    Dewey Decimal Classification     MUST Main Library MUST Main Library 08/07/2024 Donation 05/23225   338.927 NEE 2000 2024-21817 08/07/2024 08/07/2024 Open Shelf
    Dewey Decimal Classification     MUST Main Library MUST Main Library 09/07/2024 Donation 05/23223   338.927 NEE 2000 2024-21837 09/07/2024 09/07/2024 Open Shelf